| 000 | 00635nam a2200229 a 4500 | ||
|---|---|---|---|
| 001 | BRCA_4030 | ||
| 005 | 20190320204523.0 | ||
| 008 | 050210s1953----mx-#######---#000-0#spa-# | ||
| 041 | _aspa | ||
| 044 | _amx | ||
| 050 | 4 |
_aDA110 _b.V55 1953 |
|
| 100 | 1 |
_aVillaseñor, Eduardo _910471 |
|
| 245 | 1 | 0 |
_aThe english _bare they human? _cEduardo Villaseñor. |
| 260 |
_aMéxico _bAglomexican Institute _c1953 |
||
| 300 |
_a29 p. _c23 cm |
||
| 500 | _aC115 | ||
| 650 | 1 | 4 |
_aIngléses _910472 |
| 651 | 4 |
_aInglaterra _xDescripción y viajes _98232 |
|
| 651 | 4 |
_aInglaterra _xVida social y costumbres _910473 |
|
| 902 | _aGFM | ||
| 942 |
_2lcc _cB |
||
| 999 |
_c3754 _d3754 |
||